000 00709nam a2200229 i 4500
001 61109
003 ES-MaACL
005 20250828023340.0
007 t|
008 031110s1969 sp ||||1| cat d
100 1 _aEtavard, Paulette.
_948265
245 1 4 _aEls nostres fills i l'escola /
_cPaulette Etavard ; [traducció de Johanna Givanel].
250 _a[1ª ed.].
260 _aBarcelona :
_bNova Terra,
_c[1969]
300 _a248 p. ;
_c20 cm.
490 1 _aCol·lecció "Nadal" ;
_v22
650 0 7 _aEducación de niños
_2embne
_912099
700 1 _aGivanel, Johanna.
_957379
830 0 _aCol·lecció "Nadal" ;
_v22
_9181843
852 _aES-MaACL
_jC-36822
_bR.70703
999 _c61109
_d61109